Normal view
MARC view
Entry AUTORIDADES PERSONAS
001 - NÚMERO DE CONTROL
- campo de control: 437
003 - CONTROL
- campo de control: AR-BaSMT
005 - FECHA Y HORA DE LA ÚLTIMA TRANSACCIÓN
- campo de control: 20260327094756.0
008 - ELEMENTOS LONGITUD FÍSICA
- campo de control de longitud fija: 260327|| aca||aabn | a|a d
040 ## - FUENTE DE CATALOGACIÓN
- Agencia que cataloga: AR-BaSMT
- Idioma de catalogación: spa
- Norma: RDA
100 ## - ENCABEZAMIENTO-NOMBRE DE PERSONA
- Nombre de persona: Soler, Miguel P.
- Títulos y otros términos asociados al nombre: compilador
